000 01159 a2200265 4500
999 _c9215
_d9215
020 _a0198791402
020 _a9780198791409
050 0 0 _aK3240.5LAG2016
245 0 0 _aTracing the roles of soft law in human rights /
_cedited by Stp̌hanie Lagoutte, Thomas Gammeltoft-Hansen and John Cerone.
250 _aFirst edition.
264 1 _aOxford, United Kingdom :
_bOxford University Press,
_c2016.
300 _axii, 339 pages ;
500 _a"Some of the contributions were presented at the 2014 Association of Human Rights Institutes Research Conference in Copenhagen"--Preface.
504 _aIncludes bibliographical references (pages 321-328) and index.
650 0 _aHuman rights
650 0 _aSoft law
650 7 _aHuman rights.
650 7 _aSoft law.
700 1 _aLagoutte, Stp̌hanie,
_eeditor.
700 1 _aGammeltoft-Hansen, Thomas,
_eeditor.
700 1 _aCerone, John,
_eeditor.
710 2 _aAssociation of Human Rights Institutes.
942 _2lcc
_cBK
_h3240
_iLAG
_kKF